Na Memoriáli Š. Stanislaya padali rekordy

Bibliographic Details
Main Author: Maľcovský, Juraj, 1952- (Author)
Format: Article
Language:Slovak
Subjects:

MARC

LEADER 00000nab a2200000 a 4500
001 vtls008963413
003 SK-MaSNL
005 20260303070749.0
008 070412c200701 xo r p 000 00slo
038 |a SVKPOCL 
040 |a SVKPOCL  |b slo  |c AACR2  |e AACR2 
041 |a slo 
044 |a xo  |c SK 
080 |a 796.431.1.093.1  |2 2001 
100 1 |a Maľcovský, Juraj,  |d 1952-  |4 aut  |9 108016 
245 1 0 |a Na Memoriáli Š. Stanislaya padali rekordy  |c Juraj Maľcovský 
610 2 7 |a Telovýchovná jednota Slávia Prešovská univerzita (Prešov, Slovensko)  |b Atletický oddiel  |2 svkpocl  |9 1059222 
611 2 7 |a Memoriál Štefana Stanislaya  |n (15.  |d 2007  |c Prešov, Slovensko)  |2 svkpocl  |9 1068629 
650 0 7 |a skok do výšky  |2 svkpocl  |9 51550 
651 7 |a Prešov (Slovensko)  |2 svkpocl  |9 17347 
773 0 |t Prešovská univerzita  |g Roč. XI, č. 1 (2007), s. 23 
852 |a SVKPO  |b KIS3GCP 
958 |a RG 
999 |c 1756818  |d 1758748